|
|
|
|
| LEADER |
01304nam a2200253 a 4500 |
| 001 |
GR-MES14840 |
| 008 |
980212s1999 gr 000 0 gre d |
| 020 |
|
|
|a 9600213178
|
| 040 |
|
|
|a GrPaTEI
|b gre
|c GR-PaULI
|
| 040 |
|
|
|a GrPaTEI
|b gre
|c GR-PaULI
|
| 044 |
|
|
|b gr
|
| 082 |
|
0 |
|a 306.485
|2 21
|
| 100 |
1 |
|
|a Δουλκέρη, Τέσσα
|
| 245 |
1 |
0 |
|a Ελληνική τηλεόραση :
|b Εμπειρική έρευνα /
|c Τέσσα Δουλκέρη
|n Δεύτερο μέρος.
|
| 260 |
|
|
|a Αθήνα :
|b Παπαζήσης,
|c 1999
|
| 300 |
|
|
|a 167 σ. ;
|c 21 εκ.
|
| 650 |
|
4 |
|a Τηλεοπτικά προγράμματα
|x Αξιολόγηση
|
| 650 |
|
4 |
|a Τηλεοπτική εκπομπή
|x Κοινωνικές απόψεις
|
| 650 |
|
4 |
|a Τηλεοπτικοί σταθμοί
|
| 942 |
|
|
|2 ddc
|
| 952 |
|
|
|0 0
|1 0
|2 ddc
|4 0
|6 306_485000000000000_ΔΟΥ
|7 0
|9 272721
|a MSLG
|b MSLG
|c BSC
|d 2021-01-17
|e 24
|f 0
|g 0.00
|l 0
|o 306.485 ΔΟΥ
|p 2420000023367
|r 2021-01-17 00:00:00
|t 1
|w 2021-01-17
|y BK15
|x 20090304 0 ΤΣΑΝΤΑΡΛΙΩΤΗ 1
|x GrPaTEI
|
| 952 |
|
|
|0 0
|1 0
|2 ddc
|4 0
|6 306_485000000000000_ΔΟΥ
|7 0
|9 272722
|a MSLG
|b MSLG
|c BSC
|d 2021-01-17
|e 24
|f 0
|g 0.00
|l 0
|o 306.485 ΔΟΥ
|p 2420000023471
|r 2021-01-17 00:00:00
|t 1
|w 2021-01-17
|y BK15
|x 20090910 0 1
|x GrPaTEI
|
| 971 |
|
|
|a .b25808898
|b 16-04-20
|c 13-09-16
|
| 999 |
|
|
|c 157774
|d 157774
|